看見臺北客家 . 人口、遷移量化調查與紀事 . 4

資料類型: Book 圖書   書目號:56348

Leader xxxxxxxxxx
001 __ PCLIS00056348
005 __ 20221207104058.0
010 0_ |a978-986-89094-6-5|b平裝|dNT$400
100 __ |a20221207d2022    m  y0chiy09      e
101 0_ |achi
102 __ |atw
105 __ |aabk z   000yy
200 1_ |a看見臺北客家|e|h4|i人口、遷移量化調查與紀事|f張維安,典通股份有限公司,羅烈師,許瑞君,葉昆杰著
205 __ |a初版
210 __ |a臺北市|c財團法人台北市客家文化基金會|d2022.11[民111]
215 0_ |a347面|c彩圖, 地圖, 表格|d23公分
225 2_ |a城客誌|v
225 1_ |a看見臺北客家|v4
300 __ |a指導單位: 臺北市政府客家事務委員會
300 __ |a題名及冊次取自版權頁
300 __ |a作者號取自題名
300 __ |a附錄: 1, 交叉分析附表; 2, 109年臺北市客家人口基礎調查研究問卷; 3, 臺北市客家民眾戶籍所在里別彙整
330 __ |a此調查專案是《客家基本法》頒布以來,調查數量最多、誤差值最低的臺北市客家人口量化調查結果,亦為20多年來極少見的客家人口遷移調查,以建構臺北市客家族群基本資料、推估客家族群人口數、了解各行政區域分布,並深入探討客家認定與認同議題,諸如身分認同形塑,學習客語的方法和動機,客家人移出移入人口分布與原居住地關係等。最後收錄紀年體之臺北客家紀事,首度回顧臺北市有客屬移民紀錄的1693年至今的歷程,300多年來臺北城內的客家線索,分歷史、人口、社團、農場、家族、產業人物誌及表演藝術各子項,可從中分類索引至前三冊?容,了解不同時期的臺北客家面貌。
410 _1 |12001 |a城客誌
461 _1 |12001 |a看見臺北客家|v4
517 1_ |a看見台北客家|zchi
517 1_ |a人口、遷移量化調查與紀事|zchi
517 1_ |a人口.遷移量化調查與紀事|zchi
606 __ |2cst|a客家
606 __ |2cst|a人口分布
606 __ |2cst|a人口遷移
607 __ |2cst|a臺北市
681 __ |a536.211|b8664
700 _1 |a|b維安|4701 _1 |a|b烈師|4701 _1 |a|b瑞君|4701 _1 |a|b昆杰|4702 __ |a|b|4
711 02 |a典通股份有限公司|4801 _0 |atw|b內湖高中|c20221207|gCCR
  
詳細館藏(共 1 筆)
索 書 號登 錄 號冊次號館別 / 館藏地流通類型狀態加入預約清單電子資源
536.211 / 8664 2020890 v.4 圖書館 / 一樓教育區 可外借30天 在館   

| 條列資料




目錄查詢 分類查詢 個人資料 圖書薦購 新書查詢 閉館日 排行榜 更多電子資源 Hami書城 線上資料庫 登出

From : 216.73.217.117

  本日流通累計至 19:12:34 借閱 : 0 次 續借 : 0 次 歸還 : 0 次 預約 : 0 次 電子資源 : 0 次


內湖高中圖書館  PCLIS 版本  25.5.0.2